[Event "EST ch U14 2019"]
[Site "Tallinn"]
[Date "2019.04.18"]
[Round "1.5"]
[White "Dukov, Vladimir"]
[Black "Olde, Karl Erik"]
[Result "0-1"]
[WhiteElo "1576"]
[BlackElo "1864"]
[PlyCount "72"]
[EventDate "2019.04.18"]
[EventType "swiss"]
[EventRounds "4"]
[EventCountry "EST"]

1. e4 c5 2. Nf3 Nc6 3. d4 cxd4 4. Nxd4 Nf6 5. Nc3 d6 6. f4 g6 7. Bb5 Bd7 8. O-O
Bg7 9. Be3 O-O 10. e5 Ng4 11. Qe2 Nxe3 12. Qxe3 Nxd4 13. Qxd4 Bxb5 14. Nxb5
dxe5 15. Qxd8 Rfxd8 16. fxe5 Bxe5 17. Rae1 Bf6 18. c3 a6 19. Nd4 Bxd4+ 20. cxd4
e6 21. Re3 Rxd4 22. Rc3 Rd7 23. Rfc1 Rad8 24. Rc8 Rxc8 25. Rxc8+ Kg7 26. Rc2 f5
27. Kf2 e5 28. h3 Kf6 29. g4 f4 30. Rc8 e4 31. Rf8+ Kg5 32. Re8 Rd2+ 33. Ke1 e3
34. Re5+ Kh4 35. Re4 Kg3 36. Kf1 Kf3 0-1

[Event "EST ch U14 2019"]
[Site "Tallinn"]
[Date "2019.04.18"]
[Round "1.6"]
[White "Mikko, Rondo"]
[Black "Padari, Tuudur Jakob"]
[Result "1/2-1/2"]
[WhiteElo "1863"]
[BlackElo "1560"]
[PlyCount "100"]
[EventDate "2019.04.18"]
[EventType "swiss"]
[EventRounds "4"]
[EventCountry "EST"]

1. Nf3 d5 2. c4 e6 3. d4 Nf6 4. Nc3 Be7 5. g3 O-O 6. Bg2 b6 7. O-O Bb7 8. cxd5
Nxd5 9. Re1 Nd7 10. e4 N5f6 11. a3 c5 12. d5 Qc7 13. Nb5 Qc8 14. Bh3 exd5 15.
exd5 Nxd5 16. Rxe7 Nxe7 17. Nd6 Qc7 18. Nxb7 Qxb7 19. Qxd7 Qxf3 20. Bg2 Qf6 21.
Bxa8 Rxa8 22. Bf4 Ng6 23. Re1 h6 24. Re8+ Rxe8 25. Qxe8+ Kh7 26. Bb8 a6 27. Qc8
Qxb2 28. Qxa6 b5 29. Ba7 c4 30. Be3 c3 31. Qc6 Qxa3 32. Qxb5 Qb2 33. Qc5 c2 34.
f4 Kg8 35. Qc6 Qb1+ 36. Kf2 Qd1 37. Qc8+ Nf8 38. f5 Qh5 39. h4 Qd1 40. f6 h5
41. fxg7 Kxg7 42. Qc3+ f6 43. Qc5 Nd7 44. Qe7+ Kg6 45. Qe4+ Kf7 46. Qc4+ Ke7
47. Qb4+ Ke6 48. Qc4+ Ke7 49. Qb4+ Ke6 50. Qc4+ Ke7 1/2-1/2

[Event "EST ch U14 2019"]
[Site "Tallinn"]
[Date "2019.04.18"]
[Round "1.7"]
[White "Luik, Ott-Robert"]
[Black "Pedmanson, Herman"]
[Result "0-1"]
[WhiteElo "1521"]
[BlackElo "1849"]
[Annotator "Dell"]
[PlyCount "72"]
[EventDate "2019.04.18"]
[EventType "swiss"]
[EventRounds "4"]
[EventCountry "EST"]

1. d4 Nf6 2. c4 g6 3. Nc3 Bg7 4. e4 d6 5. Nf3 O-O 6. Be2 Bg4 7. O-O Nc6 8. d5
Na5 9. b4 Nxc4 10. Bxc4 Nxe4 11. Nxe4 Bxa1 12. Bh6 Bg7 13. Bxg7 Kxg7 14. Qd4+
Kg8 15. Nfg5 h6 16. h3 Bd7 17. Nf3 e5 18. Qe3 (18. dxe6 fxe6 19. Rd1 d5 $2 (
19... Kh7 20. Qe3 $16) 20. Bxd5 exd5 21. Qxd5+ Rf7 22. Ne5) 18... Kg7 19. g4 $4
f5 20. Ned2 fxg4 21. hxg4 Bxg4 22. Nh2 Rf4 23. f3 Bh3 24. Rf2 Qg5+ 25. Kh1 Raf8
26. Ne4 Qh4 27. Be2 Rxe4 28. Qxa7 Rxb4 29. Bf1 Rb6 30. Rc2 Rf7 31. Rxc7 Rb1 32.
Rxf7+ Kxf7 33. Qb8 Bxf1 34. Qxd6 Bg2+ 35. Kxg2 Rb2+ 36. Kf1 Qf2# 0-1

[Event "EST ch U14 2019"]
[Site "Tallinn"]
[Date "2019.04.18"]
[Round "1.8"]
[White "Savinov, Matvei"]
[Black "Lazojev, Mark"]
[Result "1/2-1/2"]
[WhiteElo "1834"]
[BlackElo "1518"]
[Annotator "Dell"]
[PlyCount "80"]
[EventDate "2019.04.18"]
[EventType "swiss"]
[EventRounds "4"]
[EventCountry "EST"]

1. Nf3 Nf6 2. g3 Nc6 3. Bg2 e5 4. d3 d5 5. O-O Bc5 6. Bg5 O-O 7. Nbd2 h6 8.
Bxf6 Qxf6 9. e4 Be6 10. Nb3 Bb6 11. exd5 Bxd5 12. c4 Be6 13. Nfd2 a6 14. Ne4
Qe7 15. Re1 Rad8 16. Qc2 Nb4 17. Qc3 f5 18. c5 Nxd3 19. cxb6 cxb6 20. Red1 fxe4
21. Bxe4 Nxf2 22. Rxd8 Qxd8 23. Qxe5 Bxb3 24. axb3 Nxe4 25. Qxe4 Qc7 26. Qc4+
Qf7 27. Rd1 b5 28. Qxf7+ Rxf7 29. Kg2 Re7 30. Rd2 Kf7 31. Kf3 Ke6 32. Kf4 Rf7+
33. Ke4 Rd7 34. Rxd7 Kxd7 35. Kd5 b6 $4 (35... b4 $11) 36. b4 h5 37. Ke5 (37.
h3 $1 a5 (37... Ke7 38. Kc6 Ke6 39. Kxb6 Kd5 40. Kxa6 Kc4 (40... Ke4 41. Kxb5
Kf3 42. Kc5 Kxg3 43. b5 Kxh3 44. b6 $18) 41. Ka5 $18) (37... Kc7 38. Ke6 a5 39.
g4 hxg4 40. hxg4 $18) 38. bxa5 bxa5 39. Kc5 b4 40. Kb5 Kd6 41. Kxa5 Kc5 42. b3
g5 43. g4 hxg4 44. hxg4 $18) 37... Ke7 38. Kd5 Kd7 39. Ke5 Ke7 40. Kd5 Kd7
1/2-1/2

[Event "EST ch U14 2019"]
[Site "Tallinn"]
[Date "2019.04.18"]
[Round "1.9"]
[White "Köösel, Hans-Georg"]
[Black "Tomson, Mihkel"]
[Result "0-1"]
[WhiteElo "1515"]
[BlackElo "1794"]
[PlyCount "106"]
[EventDate "2019.04.18"]
[EventType "swiss"]
[EventRounds "4"]
[EventCountry "EST"]

1. e4 c5 2. Nf3 d6 3. d4 cxd4 4. Nxd4 Nf6 5. Nc3 g6 6. Be2 Bg7 7. O-O Nc6 8.
Be3 O-O 9. Qd2 Bd7 10. Rad1 Rc8 11. Nb3 a6 12. Bh6 b5 13. Bxg7 Kxg7 14. a3 Ne5
15. f4 Nc4 16. Bxc4 bxc4 17. Nc1 Bg4 18. N1e2 Bxe2 19. Qxe2 Qb6+ 20. Kh1 Qxb2
21. Qd2 Qxa3 22. Ra1 Qc5 23. Rxa6 Ra8 24. Raa1 Qc6 25. Qe3 e6 26. f5 exf5 27.
exf5 Rfe8 28. Qg5 Rxa1 29. Rxa1 Qc5 30. Rf1 Qxf5 31. Qxf5 gxf5 32. Kg1 Kg6 33.
Rb1 Re3 34. Nb5 Ne4 35. g3 Re2 36. Rb2 Kf6 37. Nd4 Re3 38. Kf1 Ng5 39. Ne2 Ne4
40. Nf4 Rf3+ 41. Ke2 Rf2+ 42. Ke3 Rxh2 43. Kf3 Ke5 44. Rb5+ Nc5 45. Ne2 h5 46.
Rb4 d5 47. Rb5 Ne4 48. Nf4 Nf6 49. Ng2 Ng4 50. c3 Rh1 51. Nf4 Rf1+ 52. Ke2 Rf2+
53. Kd1 Ne3+ 0-1

[Event "EST ch U14 2019"]
[Site "Tallinn"]
[Date "2019.04.18"]
[Round "1.10"]
[White "Rychagov, Nikita"]
[Black "Pronin, Arseni"]
[Result "1-0"]
[WhiteElo "1792"]
[BlackElo "1515"]
[PlyCount "61"]
[EventDate "2019.04.18"]
[EventType "swiss"]
[EventRounds "4"]
[EventCountry "EST"]

1. e4 c5 2. Nf3 e6 3. d4 cxd4 4. Nxd4 a6 5. Bd3 Nc6 6. Nxc6 bxc6 7. e5 Qc7 8.
Qe2 d6 9. exd6 Qxd6 10. O-O Nf6 11. Rd1 Be7 12. c4 O-O 13. Bxh7+ Nxh7 14. Rxd6
Bxd6 15. Nc3 Rd8 16. Be3 Bb7 17. c5 Be7 18. h3 Nf6 19. Rd1 Nd7 20. Ne4 a5 21.
Nd6 Ba6 22. Qc2 Ra7 23. Qe4 Rc7 24. Qf4 Ra7 25. Qxf7+ Kh8 26. Qxe7 Rf8 27. Nf7+
Kg8 28. Rxd7 Rxd7 29. Qxd7 Bc4 30. Nh6+ Kh8 31. Bd4 1-0

[Event "EST ch U14 2019"]
[Site "Tallinn"]
[Date "2019.04.18"]
[Round "1.11"]
[White "Aleksejev, Artjom"]
[Black "Sadekov, Maksim"]
[Result "0-1"]
[WhiteElo "1484"]
[BlackElo "1780"]
[PlyCount "80"]
[EventDate "2019.04.18"]
[EventType "swiss"]
[EventRounds "4"]
[EventCountry "EST"]

1. e4 e6 2. e5 d5 3. exd6 Bxd6 4. d4 Nf6 5. Bg5 Nbd7 6. Nf3 O-O 7. Nc3 Re8 8.
Bc4 e5 9. O-O exd4 10. Qxd4 h6 11. Bh4 Nb6 12. Rfe1 Nxc4 13. Rxe8+ Qxe8 14.
Bxf6 gxf6 15. Qxc4 Be6 16. Qe4 c6 17. Qh4 Kg7 18. Ne4 Qe7 19. Rd1 Bc7 20. b4
Rd8 21. Rxd8 Qxd8 22. g3 b6 23. c3 Qe7 24. Nd4 Bd7 25. c4 Be5 26. Nf3 Bf5 27.
Nxe5 Qxe5 28. f3 Qd4+ 29. Kg2 Qb2+ 30. Kf1 Qb1+ 31. Ke2 Qc2+ 32. Ke3 Qc1+ 33.
Kd3 Qf1+ 34. Kd2 Qa1 35. Ke3 c5 36. bxc5 bxc5 37. Kf4 Bg6 38. a4 Qc1+ 39. Kg4
f5+ 40. Kh3 Qf1# 0-1

[Event "EST ch U14 2019"]
[Site "Tallinn"]
[Date "2019.04.18"]
[Round "1.12"]
[White "Krivenko, Dion"]
[Black "Kang, Paul"]
[Result "1-0"]
[WhiteElo "1779"]
[BlackElo "1471"]
[Annotator "Dell"]
[PlyCount "51"]
[EventDate "2019.04.18"]
[EventType "swiss"]
[EventRounds "4"]
[EventCountry "EST"]

1. e4 e6 2. d3 d5 3. Nd2 Nf6 4. Ngf3 Be7 5. g3 O-O 6. Bg2 c5 7. O-O Nc6 8. Re1
b6 9. e5 Nd7 10. Nf1 Qc7 11. Bf4 Bb7 12. h4 Rfd8 (12... Rae8 13. c3 Qb8 14. d4
Bd8 15. N1h2 Bc7 16. Bd2 b5 17. Ng4 a5 18. h5 a4 19. Qb1 cxd4 20. cxd4 f5 21.
exf6 gxf6 22. Qd3 b4 23. Rac1 Kh8 24. Qb5 Ba8 25. Qxb8 Bxb8 26. b3 axb3 27.
axb3 Bd6 28. Bf1 Bb7 29. Bb5 Ndb8 30. Rc2 Re7 31. Kh2 e5 32. Bh6 Rff7 33. Rd2
e4 34. Nh4 f5 35. Ne3 Na5 36. Nexf5 Re6 37. Nxd6 Rxd6 38. Bf4 Rxf4 39. gxf4
Nxb3 40. Rdd1 Bc6 41. Bf1 Rh6 42. Be2 Nd7 43. Rg1 Rf6 44. f5 Nb6 45. Kg3 Na4
46. Kf4 Nc3 47. Ke5 Rf8 48. f6 Nxe2 49. Nf5 Nc3 50. Rdf1 Be8 51. h6 Bg6 52. Ne7
Nd2 53. Rxg6 Nf3+ {1-0 (53) Kozul,Z (2613)-Lobanov,S (2429) Tallinn 2016}) 13.
h5 h6 (13... Nf8 14. Qd2 Rac8 15. h6 Ng6 16. hxg7 Kxg7 17. N1h2 c4 18. Ng4 Na5
19. Bg5 Rg8 20. Bf6+ Bxf6 21. Qh6+ Kh8 22. Nxf6 Rg7 23. Nh5 Rgg8 24. Ng5 f5 25.
exf6 Nf8 26. Rxe6 Rg6 27. Re7 Rxh6 28. Nf7+ Kg8 29. Nxh6+ Kh8 30. Rg7 {1-0 (30)
Le,Q (2718)-Chiang,S (2049) Cleveland 2015}) 14. N1h2 d4 15. Qd2 Bf8 16. Ng4
Rac8 17. Bxh6 $1 $18 {Teadmine - valgus, mitteteadmine - pimedus. Must on
selles partiis paraku pimedusega löödud.} gxh6 18. Nxh6+ Bxh6 19. Qxh6 Ne7
20. Ng5 (20. Qg5+ $1 Kf8 (20... Kh8 21. Qxe7) 21. h6 Ng6 22. Nh4 Bxg2 23. Kxg2
Nxh4+ 24. gxh4 Nxe5 25. Rxe5 Ke8 26. h7 Kd7 27. Qf6 $18) 20... Nf8 21. Qf6 (21.
Bh3 $1 Nf5 22. Bxf5 exf5 23. e6 fxe6 24. Nxe6 Qe7 $1 25. Nxd8 Qxd8 26. Re5 $16)
21... Nf5 22. g4 Ng7 23. Bxb7 Qxb7 24. Ne4 Ne8 $4 (24... Nh7 25. Qh6 Ne8 $1)
25. Qg5+ Kh8 26. Nf6 1-0

[Event "EST ch U14 2019"]
[Site "Tallinn"]
[Date "2019.04.18"]
[Round "1.13"]
[White "Rychagov, Anton"]
[Black "Nazarov, Vladislav"]
[Result "0-1"]
[WhiteElo "1470"]
[BlackElo "1754"]
[PlyCount "98"]
[EventDate "2019.04.18"]
[EventType "swiss"]
[EventRounds "4"]
[EventCountry "EST"]

1. e4 c5 2. Nf3 Nc6 3. d4 cxd4 4. Nxd4 Nf6 5. Nc3 d6 6. f3 e5 7. Nb3 Be6 8. Be3
Be7 9. Nd5 O-O 10. c4 b6 11. Rc1 Nd7 12. Nxe7+ Qxe7 13. Qd2 Nc5 14. Na1 f5 15.
b4 Nb7 16. Bg5 Qf7 17. Bd3 f4 18. Nb3 Qh5 19. b5 Nb8 20. Be7 Re8 21. c5 dxc5
22. Nxc5 bxc5 23. Bxc5 Nxc5 24. Rxc5 Nd7 25. Rc6 Qh4+ 26. Ke2 Nb6 27. Rhc1 Qxh2
28. Kf2 Qg3+ 29. Kg1 Qg5 30. Bc2 Rad8 31. Qb4 Qe7 32. Qc3 Bxa2 33. Bb3+ Bxb3
34. Qxb3+ Qf7 35. Qa3 Rd7 36. Qa1 h6 37. Qa3 Kh7 38. Qa1 Qe7 39. Qa2 Red8 40.
Qa1 Rd4 41. Rb1 Qd7 42. Rcc1 Qe7 43. Rc6 Rd2 44. Rbc1 Qg5 45. g4 Qh4 46. Rxh6+
Qxh6 47. Qd4 Qh2+ 48. Kf1 Qe2+ 49. Kg1 Qg2# 0-1

[Event "EST ch U14 2019"]
[Site "Tallinn"]
[Date "2019.04.18"]
[Round "1.14"]
[White "Snitsarenko, Igor"]
[Black "Narva, Jaan Oskar"]
[Result "1-0"]
[WhiteElo "1748"]
[BlackElo "1396"]
[PlyCount "65"]
[EventDate "2019.04.18"]
[EventType "swiss"]
[EventRounds "4"]
[EventCountry "EST"]

1. e4 c5 2. Nf3 Nc6 3. d4 cxd4 4. Nxd4 d6 5. c4 g6 6. Nc3 Bg7 7. Be3 Nf6 8. Be2
O-O 9. O-O a6 10. Qd2 Qc7 11. Kh1 b6 12. Nxc6 Qxc6 13. Bf3 e5 14. b3 Bb7 15.
Nd5 Nxd5 16. cxd5 Qc7 17. Rac1 Qd8 18. Rc2 b5 19. Rfc1 Rc8 20. Rxc8 Bxc8 21.
Qb4 f5 22. Rc6 Rf6 23. Bg5 Bf8 24. Bxf6 Qxf6 25. Rxc8 g5 26. exf5 Qxf5 27. Qg4
Qb1+ 28. Bd1 h6 29. Qe6+ Kh7 30. Rc7+ Kh8 31. Qf6+ Kg8 32. Qf7+ Kh8 33. Qxf8#
1-0

[Event "EST ch U14 2019"]
[Site "Tallinn"]
[Date "2019.04.18"]
[Round "1.15"]
[White "Pallum, Rasmus"]
[Black "Sizov, Lev"]
[Result "1/2-1/2"]
[WhiteElo "1394"]
[BlackElo "1687"]
[PlyCount "49"]
[EventDate "2019.04.18"]
[EventType "swiss"]
[EventRounds "4"]
[EventCountry "EST"]

1. d4 d5 2. Nf3 e6 3. e3 c5 4. Be2 Nf6 5. O-O Nc6 6. b3 Be7 7. Bb2 Ne4 8. Nbd2
f5 9. c4 g5 10. dxc5 Rg8 11. Nxe4 dxe4 12. Qxd8+ Nxd8 13. Ne5 f4 14. exf4 gxf4
15. Bh5+ Kf8 16. g3 Rg5 17. Bd1 Bxc5 18. Kh1 b6 19. h4 Rg8 20. Bc2 Bb7 21. Nd7+
Ke7 22. Nxc5 bxc5 23. Kh2 e3 24. Bxh7 Rf8 25. fxe3 1/2-1/2

[Event "EST ch U14 2019"]
[Site "Tallinn"]
[Date "2019.04.18"]
[Round "1.17"]
[White "Snitsarenko, Ilja"]
[Black "Naestema, Joonas Aditya"]
[Result "1-0"]
[WhiteElo "1684"]
[BlackElo "1623"]
[PlyCount "193"]
[EventDate "2019.04.18"]
[EventType "swiss"]
[EventRounds "4"]
[EventCountry "EST"]

1. e4 d5 2. exd5 Nf6 3. d4 Nxd5 4. Nf3 g6 5. c4 Nb6 6. Nc3 Bg7 7. Be3 Nc6 8.
Be2 O-O 9. O-O e5 10. d5 Na5 11. b3 c6 12. dxc6 Nxc6 13. Qxd8 Rxd8 14. Rad1 Bf5
15. Nb5 Nd7 16. Rd2 Nf6 17. Rxd8+ Rxd8 18. Nxa7 Nxa7 19. Bxa7 Ra8 20. Be3 e4
21. Nd4 Rxa2 22. Bd1 Bg4 23. f3 exf3 24. Nxf3 Rb2 25. h3 Bf5 26. Bd4 Rb1 27.
Nd2 Ne4 28. Nxb1 Bxd4+ 29. Kh2 Be5+ 30. g3 Nxg3 31. Rf3 Nh5+ 32. Kg1 Bxb1 33.
Re3 Bd4 34. Kf2 Nf4 35. Kf3 Bxe3 36. Kxe3 Nxh3 37. Bf3 b6 38. b4 Ng5 39. Bd5
Ne6 40. Bxe6 fxe6 41. c5 bxc5 42. b5 c4 43. b6 c3 44. b7 c2 45. b8=Q+ Kg7 46.
Qc7+ Kf6 47. Qc3+ Kf7 48. Kd2 h6 49. Kc1 h5 50. Qf3+ Kg7 51. Qe4 Kf6 52. Qa8 e5
53. Qf8+ Kg5 54. Qe8 Kf5 55. Qf7+ Kg5 56. Qe7+ Kf5 57. Qh4 e4 58. Qh3+ Kf4 59.
Qh4+ Kf5 60. Qh3+ Kg5 61. Qg2+ Kf6 62. Qxe4 g5 63. Qf3+ Kg6 64. Qe4+ Kf6 65.
Qf3+ Ke5 66. Qxh5 Kf4 67. Qh2+ Kg4 68. Qg2+ Kh5 69. Qg3 g4 70. Qh2+ Kg5 71.
Qe5+ Kh4 72. Qh2+ Kg5 73. Qe5+ Kg6 74. Qe4+ Kh5 75. Qe5+ Kh4 76. Qh2+ Kg5 77.
Qe5+ Kg6 78. Qd5 Kh6 79. Qf5 Kg7 80. Qxg4+ Kf6 81. Qh5 Ke6 82. Qg5 Kd6 83. Qf5
Kc6 84. Qe5 Kd7 85. Qe3 Kd6 86. Qe4 Kc5 87. Qd3 Kc6 88. Qd4 Kb5 89. Qc3 Kb6 90.
Qc4 Kb7 91. Qc5 Kb8 92. Qc6 Ka7 93. Qb5 Ka8 94. Qb6 Ba2 95. Qa5+ Kb7 96. Qxa2
Kc6 97. Qxc2+ 1-0

[Event "EST ch U14 2019"]
[Site "Tallinn"]
[Date "2019.04.18"]
[Round "1.18"]
[White "Rikas, Artur"]
[Black "Rajandu, Aaron"]
[Result "1-0"]
[WhiteElo "1665"]
[BlackElo "1274"]
[PlyCount "29"]
[EventDate "2019.04.18"]
[EventType "swiss"]
[EventRounds "4"]
[EventCountry "EST"]

1. e4 e5 2. Nf3 Nc6 3. d4 exd4 4. c3 dxc3 5. Nxc3 Bb4 6. Bc4 Nf6 7. e5 Ne4 8.
Qd5 O-O 9. Qxe4 d6 10. O-O dxe5 11. Ng5 g6 12. Nd5 f5 13. Qh4 Rf7 14. Ne7+ Bxe7
15. Qxh7+ 1-0

[Event "EST ch U14 2019"]
[Site "Tallinn"]
[Date "2019.04.19"]
[Round "2.1"]
[White "Protassov, Vlad"]
[Black "Krivenko, Dion"]
[Result "1-0"]
[WhiteElo "2036"]
[BlackElo "1779"]
[PlyCount "63"]
[EventDate "2019.04.18"]
[EventType "swiss"]
[EventRounds "4"]
[EventCountry "EST"]

1. d4 Nf6 2. c4 g6 3. Nc3 Bg7 4. e4 O-O 5. Nf3 d6 6. Be2 Nbd7 7. Be3 e5 8. d5
a5 9. Nd2 Ne8 10. g4 Nc5 11. h4 f5 12. f3 f4 13. Bf2 h6 14. Qc2 b6 15. h5 g5
16. O-O Bd7 17. b3 Nf6 18. Rfb1 Qc8 19. Qd1 Be8 20. a3 Nfd7 21. b4 Nb7 22. Nb3
Rf6 23. Rc1 Bf8 24. Rc2 Qb8 25. Qb1 Be7 26. Nc1 Qd8 27. Nd3 Bf7 28. Na4 Qe8 29.
c5 Ndxc5 30. bxc5 dxc5 31. Nxe5 Qxa4 32. Bb5 1-0

[Event "EST ch U14 2019"]
[Site "Tallinn"]
[Date "2019.04.19"]
[Round "2.2"]
[White "Sadekov, Maksim"]
[Black "Andrijashkin, Deniss"]
[Result "0-1"]
[WhiteElo "1780"]
[BlackElo "1957"]
[Annotator "Dell"]
[PlyCount "74"]
[EventDate "2019.04.18"]
[EventType "swiss"]
[EventRounds "4"]
[EventCountry "EST"]

1. d4 g6 2. c4 Bg7 3. Nc3 c5 4. d5 Bxc3+ 5. bxc3 f5 {Veidi enam kui 5 aastat
tagasi muutus see variant äkki väga populaarseks ja niisama äkki huvi ka
vaibus... Mood?} 6. e3 (6. h4 Nf6 7. h5 Rg8 8. hxg6 hxg6 9. Nf3 d6 10. Ng5 Qa5
11. Qc2 Nbd7 12. Bf4 Nb6 13. e3 Bd7 14. f3 O-O-O 15. Kf2 Rh8 16. Bd3 Ba4 17.
Qd2 Nbd7 18. e4 Nh5 19. Bh2 f4 20. Ne6 g5 21. Nxg5 Ne5 22. Ne6 Rdf8 23. Be2 Bd7
24. Nxf4 Nf6 25. Bg3 Rhg8 26. Bh4 Qd8 27. g3 Rf7 28. Raf1 Ne8 29. Kg1 Ng7 30.
Ng2 Nh5 31. g4 Rfg7 32. Rh2 Bxg4 33. fxg4 Nxg4 34. Bxg4+ Rxg4 35. Qh6 Ng7 36.
Rf4 Qd7 37. Kf2 Kb8 38. Ne3 Rxf4+ 39. Qxf4 e5 40. Qg4 Qf7+ 41. Ke1 Nh5 42. Qf5
Qe8 43. Qe6 Qf8 44. Be7 Qg7 45. Bxd6+ Ka8 46. Rg2 {1-0 (46) Le,Q (2706)-Leon
Hoyos,M (2512) Saint Louis 2014}) (6. Nf3 Nf6 7. Bf4 d6 8. e3 Qa5 9. Qc2 Nbd7
10. Bd3 Nb6 11. O-O Qa4 12. Qb3 Bd7 13. Nd2 h6 14. h3 g5 15. Bh2 O-O-O 16. Rfe1
Rhf8 17. e4 fxe4 18. Bxe4 Nxe4 19. Rxe4 Rde8 20. Rae1 Kd8 21. R4e3 Rf7 22. Bg3
Ref8 23. Qb1 Bf5 24. Qb3 h5 25. h4 g4 26. Bf4 Bc2 27. Qxa4 Bxa4 28. Bg5 Re8 29.
Re6 Kd7 30. Rh6 Bc2 31. Re3 Rh7 32. Rxh7 Bxh7 33. f3 Bf5 34. fxg4 Bxg4 35. Kf2
e5 36. Kg3 Rf8 37. Re1 Rf7 38. Rb1 Bf5 39. Rf1 Ke8 40. Rf3 Bg6 41. Re3 Na4 42.
Bh6 Nb2 43. Bg5 Nd1 44. Re1 Nxc3 45. a3 b5 46. cxb5 Nxd5 47. Nc4 Kd7 48. Rd1
Ke6 49. a4 Bc2 50. Ra1 Bd3 51. Na5 Nc3 52. Ra3 Ne2+ 53. Kh2 c4 54. Nc6 Kd5 55.
a5 Kc5 56. Nxa7 Rxa7 57. b6 Rb7 58. Be3+ Nd4 59. Bf2 c3 60. Rxc3+ Bc4 61. Ra3
Ba6 62. Ra1 Kb5 63. Rd1 Kxa5 64. Bxd4 exd4 65. Rxd4 Rxb6 66. Rd5+ Kb4 67. Rxh5
Bc4 68. Rh6 Kc5 69. Rh8 d5 70. Rc8+ Rc6 71. Rd8 Rd6 72. Rc8+ Kb4 73. Kg3 d4 74.
Kf2 d3 75. Ke1 d2+ 76. Kd1 Bb3+ {0-1 (76) Sarana,A (2541)-Morozevich,A (2676)
Moscow 2017}) 6... Nf6 7. Bd3 Qa5 8. Ne2 d6 9. O-O Nbd7 10. f3 Ne5 11. e4 fxe4
12. fxe4 Bg4 13. Bf4 Nfd7 {Must on avangust ilusa seisu saanud. Valge ohverdab
etturi.} 14. h3 $6 Bxe2 15. Bxe2 Qxc3 16. Bxe5 $6 {Näib ränga veana, kuid
tegelikult valgel oli hiljem paremaid võimalusi.} Nxe5 17. Qa4+ $6 {Palju
huvitavaid variante oli pärast} (17. Rb1 $1 {ja lauale tulevad kaelamurdvad
variandid} O-O-O (17... b6 $4 18. Qa4+ Kd8 19. Rxb6 Qe3+ 20. Kh1 $1 Qxe2 21.
Rfb1) (17... Qd4+ $5 18. Qxd4 cxd4 19. Rxb7 Nd7 $1 (19... d3 20. Bd1 Kd8 21.
Ba4 $13) 20. Rd1 Nc5 21. Rc7 Kd8 22. Rc6 Nxe4 23. Rxd4 Nc5 24. Bg4 h5 25. Be6
Rf8) 18. Qa4 a6 (18... Kb8 19. Rb3 Qd4+ 20. Kh1 Nd7 21. Qb5 Nb6 22. a4 Rhf8 23.
a5 Qxe4 24. Bf3 Qxc4 25. axb6 Qxb5 26. bxa7+ Kxa7 27. Rxb5 $16) 19. Rb3 (19.
Rb6 Qe3+ 20. Kh2 Qxe2 21. Rfb1 Qxc4 22. Qxc4 Nxc4 23. Rxb7 Nd2 24. Rb8+ Kd7 25.
R1b7+ Ke8 26. Rxd8+ Kxd8 27. Rb8+ Kc7 $3 (27... Kd7 $2 28. Rxh8 c4 29. Ra8 c3
30. Ra7+ Kd8 31. Rxa6 Nxe4 32. Ra4 Nd2 33. Ra3 Ne4 34. Ra4 Nd2 35. Ra6 Ne4 $11)
28. Rxh8 c4 29. Ra8 Kb7 $19) 19... Qc2 (19... Qd2 $4 20. Rfb1 Qxe2 21. Rxb7)
20. Rfb1 Rhf8 21. Qa5 (21. R1b2 Qc1+ 22. Kh2 Qf4+ 23. Kh1 $11) 21... Rd7 22.
R3b2 Nxc4 (22... Qxe4 23. Qb6) 23. Rxc2 Nxa5 24. Bg4 Kc7 25. Bxd7 Kxd7 26. Rf1
Rxf1+ 27. Kxf1 $13) 17... Kd8 18. Kh1 Kc7 19. Rab1 h6 (19... b6 $1 20. Rf7 $1
Rhe8 $1 21. Rxh7 Qe3) 20. Rb3 ({Taas on laual iluvariandid} 20. Rf7 $3 Rhe8 (
20... Nxf7 21. Rxb7+ Kxb7 22. Qc6+ Kb8 23. Qb5+ Kc7 $11 (23... Kc8 24. Bg4+ Kc7
25. Qc6+ Kb8 26. Qb5+ $11) 24. Qc6+) 21. Rf3 $3 Qd2 (21... Qd4 22. Rxb7+ (22.
Rd3 Nxd3 23. Rxb7+ Kxb7 24. Qc6+ Kb8 25. Qxe8+ Kb7 26. Qxe7+ Kb6 27. Qxd6+ Ka5
28. Bxd3 Qxd3 29. Qxc5+ Ka4 30. Qc6+ Ka3 31. Qxa8 Qf1+ 32. Kh2 Qf4+ 33. Kg1
Qe3+ $11) 22... Kxb7 23. Rb3+ Kc7 24. Qa5+ Kc8 25. Qa6+ Kd8 26. Qa5+ (26. Rb7
$4 Qd2 $19)) (21... Nxf3 $4 22. Rxb7+ Kxb7 23. Qc6+ Kb8 24. Qxe8+ Kc7 25. Qxe7+
Kb6 26. Qxd6+ Kb7 27. Qc6+ Kb8 28. Qb5+ Kc7 29. Qxc5+ Kd7 30. Bxf3 $18) 22. Rd3
$3 Nxd3 (22... Qxe2 23. Rxb7+ Kxb7 24. Rb3+ Kc7 25. Qa5+ Kc8 26. Qa6+ Kd8 27.
Qa5+ $11) 23. Rxb7+ Kxb7 24. Qc6+ Kb8 25. Qxe8+ Kc7 26. Qc6+ Kb8 $11) 20... Qd2
21. Rfb1 b6 22. Bf1 Qf4 23. Rf3 $1 Qxe4 24. Rbb3 {Valge leidis õige idee -
must ratsu e5 tuleb kõrvaldada.} Rhc8 $2 (24... Qc2 25. Rfe3 Rhc8 26. Rxe5
dxe5 27. Qc6+ Kd8 28. Qb7 e4) 25. Rbe3 Qh4 (25... Qd4 $1 26. Rf7 $1 Kb8 27.
Rxe7 Rf8 28. Re8+ Rxe8 29. Qxe8+ Kb7 30. Qe7+ Kc8 $13) 26. Rxe5 $1 dxe5 27. d6+
(27. Qc6+ $1 Kb8 28. Qe6 $1 {seadnuks musta väga suurte probleemide ette.} Qd4
29. Rf7 Rc7 30. g3 $1 (30. Be2 {[%cal Re2f3]} e4 $1 $13) 30... Kb7 (30... e4
31. Bg2) 31. Bg2 Ka6 32. d6 $18) 27... Kxd6 28. g3 ({Õige oli} 28. Rd3+ $1 Ke6
29. Qd7+ Kf6 30. Rf3+ Kg7 31. g3 $1 Rd8 $3 (31... Qg5 $2 32. h4 Rd8 33. Qe6 $18
) (31... Qe4 $2 32. Qxe7+ Kh8 33. Bg2 $18) 32. Qxd8 Qxh3+ 33. Bxh3 Rxd8 $13)
28... Qg5 $2 ({Must pidi edu saavutamiseks tegema mitu väga head käiku} 28...
Qh5 $1 29. Rd3+ Ke6 30. Bg2 Rd8 31. Qc6+ Kf7 32. Rf3+ Kg7 33. Qe6 Kh8 $3 $19
34. Qxe7 (34. Rf7 Qd1+ 35. Kh2 Qd6) 34... Qg5) 29. h4 $2 ({Võitis eestpoolt
tuttav} 29. Rd3+ $1 Ke6 30. Qd7+ Kf6 31. Rf3+ Kg7 32. h4 $1 $18 Qc1 33. Qxe7+
Kg8 34. Rf7) 29... Qg4 {Nüüd on väli d7 kaitstud!} 30. Qd1+ (30. Rd3+ Kc7)
30... Kc7 31. Be2 Qe6 32. Kh2 Rd8 33. Bd3 Qd6 34. Qh1 e4 35. Rf7 Qxd3 36. Rxe7+
Rd7 37. Rxe4 Rf8 0-1

[Event "EST ch U14 2019"]
[Site "Tallinn"]
[Date "2019.04.19"]
[Round "2.3"]
[White "Nazarov, Vladislav"]
[Black "Nikitin, Arseni"]
[Result "0-1"]
[WhiteElo "1754"]
[BlackElo "1873"]
[PlyCount "118"]
[EventDate "2019.04.18"]
[EventType "swiss"]
[EventRounds "4"]
[EventCountry "EST"]

1. c4 e5 2. Nc3 Nf6 3. g3 Bb4 4. Nd5 Nxd5 5. cxd5 O-O 6. Bg2 d6 7. a3 Bc5 8. e3
Qe8 9. Ne2 f5 10. O-O Bb6 11. d3 Nd7 12. Kh1 Nf6 13. Nc3 Bd7 14. Qe2 Qf7 15. e4
Rae8 16. f3 Nh5 17. Be3 Bxe3 18. Qxe3 f4 19. Qe1 Qg6 20. Ne2 fxg3 21. hxg3 Qh6
22. Kg1 Qe3+ 23. Qf2 Qxd3 24. Rad1 Qb5 25. Rc1 Rc8 26. b4 Qb6 27. Rc3 Bb5 28.
Re1 Bxe2 29. Rxe2 Nxg3 30. Rec2 Qxf2+ 31. Rxf2 c5 32. Bh3 Rc7 33. Bg4 h5 34.
Be6+ Kh7 35. Rh2 g5 36. bxc5 dxc5 37. d6 Rc6 38. Rd2 Rd8 39. Bd5 Rcxd6 40. Rxc5
b6 41. Rc7+ Kh6 42. Rxa7 g4 43. Rg2 h4 44. fxg4 Rc8 45. Rf2 Rg6 46. Kh2 Rc1 47.
Rb2 Kg5 48. Rh7 Kxg4 49. Kg2 Rh1 50. Bb7 Rg8 51. Bd5 Rg6 52. Bb7 Rc1 53. Bd5
Nh5 54. Kh2 Nf4 55. Rf7 h3 56. Rh7 Rc3 57. a4 Kf3 58. Rxh3+ Nxh3 59. Kxh3 Rh6#
0-1

[Event "EST ch U14 2019"]
[Site "Tallinn"]
[Date "2019.04.19"]
[Round "2.4"]
[White "Olde, Karl Erik"]
[Black "Snitsarenko, Igor"]
[Result "0-1"]
[WhiteElo "1864"]
[BlackElo "1748"]
[PlyCount "118"]
[EventDate "2019.04.18"]
[EventType "swiss"]
[EventRounds "4"]
[EventCountry "EST"]

1. d4 Nf6 2. c4 c5 3. d5 b5 4. cxb5 a6 5. bxa6 Bxa6 6. Nc3 d6 7. g3 g6 8. Bg2
Bg7 9. Nf3 O-O 10. O-O Nbd7 11. Re1 Qc7 12. Qc2 Rfb8 13. e4 Ng4 14. h3 Nge5 15.
Nxe5 Nxe5 16. f4 Nd3 17. Rd1 c4 18. Kh2 Rb7 19. a3 Rab8 20. Rb1 Rb3 21. Na2
Nxc1 22. Nxc1 Rxb2 23. Rxb2 Rxb2 24. Qa4 Bc8 25. Re1 Qd7 26. Qxd7 Bxd7 27. Ne2
c3 28. e5 c2 29. exd6 exd6 30. Nc1 Rb1 31. Be4 Bb2 32. Bxc2 Rxc1 33. Rxc1 Bxc1
34. a4 Bd2 35. Kg2 Kg7 36. Bd1 Bf5 37. Bb3 Kf6 38. h4 Bg4 39. Kf2 Ke7 40. Bc4
f5 41. Bb5 Bd1 42. Bc6 Bb3 43. Ke2 Bb4 44. Ke3 Bc4 45. Kf3 Ba6 46. g4 Bc8 47.
gxf5 Bxf5 48. Bb5 Kf7 49. Bc6 Be1 50. Ke2 Bxh4 51. a5 Bd8 52. a6 Bb6 53. Kf3
Kf6 54. Bb7 Bd3 55. Kg4 Be4 56. Bc6 Bf2 57. Bb7 Bg2 58. f5 h5+ 59. Kf4 g5# 0-1